| 000 | 00585nam a2200205Ia 4500 | ||
|---|---|---|---|
| 003 | OSt | ||
| 005 | 20230413113554.0 | ||
| 008 | 210423s2008 xx 000 0 und d | ||
| 020 | _a9788126909292 | ||
| 040 | _cAL | ||
| 041 | _aeng | ||
| 082 |
_a809 _223 _bTANT |
||
| 100 |
_aTANDON (Neeru);TRIVEDI (Anjana) _987842 |
||
| 245 | _aThematic patterns of Emily Dickinsons poetry | ||
| 260 |
_aNew Delhi _bAtlantic Publishers and Distributors _c2008 |
||
| 300 |
_axii,169 _bPB |
||
| 365 |
_b450 _cINR |
||
| 906 | _aDickinsons ; Emily ; patterns ; poetry. ; Thematic | ||
| 942 |
_2ddc _cBK |
||
| 999 |
_c157387 _d157387 |
||